Größte Städte Spaniens - Statistiken

Allgemein
  • Dieses Quiz wurde 11.763 mal gespielt
  • Das Durchschnittsergebnis liegt bei 9 aus 20
Antworten auf der Karte
Die Antworten werden auf der Karte rot bzw. grün angezeigt, abhängig davon wie oft sie richtig erraten wurden.
 
Antwortstatistiken
Bevölkerung Stadt % Korrekt
3.277.451 Madrid
100%
1.627.559 Barcelona
99%
788.842 Valencia
84%
684.340 Sevilla
82%
424.837 Palma de Mallorca
80%
345.749 Bilbao
71%
578.063 Málaga
64%
233.680 Granada
39%
681.430 Zaragoza
37%
380.667 Las Palmas
32%
338.768 Alicante
31%
245.541 A Coruña
29%
459.778 Murcia
29%
294.650 Vigo
29%
322.327 Córdoba
25%
297.370 Valladolid
24%
269.311 Gijón
16%
235.566 Elche
15%
252.953 Vitoria-Gasteiz
9%
265.003 L'Hospitalet de Llobregat
6%
Keine übereinstimmenden Quizze gefunden
Verteilung der Resultate
Anzahl Personen mit jedem Resultat
Perzentil nach korrekt beantworteten Fragen
Ihre Resultats-Entwicklung
Sie haben dieses Quiz noch nicht gespielt